Suwicharancha Amrutwel (Record no. 156096)
[ view plain ]
| 000 -LEADER | |
|---|---|
| fixed length control field | 00329nam a2200133Ia 4500 |
| 008 - FIXED-LENGTH DATA ELEMENTS--GENERAL INFORMATION | |
| fixed length control field | 230411s9999 xx 000 0 und d |
| 041 ## - LANGUAGE CODE | |
| Language code of text/sound track or separate title | eng |
| 082 ## - DEWEY DECIMAL CLASSIFICATION NUMBER | |
| Classification number | X/891/JAD/B05577 |
| 100 ## - MAIN ENTRY--PERSONAL NAME | |
| Personal name | Jadhav M R |
| 9 (RLIN) | 113057 |
| 245 ## - TITLE STATEMENT | |
| Title | Suwicharancha Amrutwel |
| 260 ## - PUBLICATION, DISTRIBUTION, ETC. (IMPRINT) | |
| Name of publisher, distributor, etc. | General |
| Place of publication, distribution, etc. | Kolhapur |
| Date of publication, distribution, etc. | 2008 |
| 300 ## - PHYSICAL DESCRIPTION | |
| Extent | 64p |
| Withdrawn status | Lost status | Damaged status | Not for loan | Collection code | Home library | Current library | Date acquired | Vendor | Cost, normal purchase price | Bill number | Total Checkouts | Full call number | Barcode | Date last seen | Cost, replacement price | Bill Date | Koha item type | Original Barcode |
|---|---|---|---|---|---|---|---|---|---|---|---|---|---|---|---|---|---|---|
| Smt. Bakul Tambat Institute of Nursing Education | Smt. Bakul Tambat Institute of Nursing Education | 21/01/2009 | Sidharaj Prakashan | 40.00 | 629 | X 891 JAD B05577 | BTIN-BK-5577 | 11/04/2023 | 34.00 | 21/01/2009 | Books | B05577 |